000 00311nam a2200133 i 4500
001 bg
100 1 _aKUTWINOW, W. G.
245 0 _aOsnowy promyslennoj elektroniki /
_cW.G. Kutwinow.
260 _aMoskwa,
_c1972.
040 _cBPK
041 _apol
942 _cKS
008 s pl f |000 0 pol
999 _c14520
_d14520
856 _uhttp://koha.tu.koszalin.pl/cgi-bin/koha/opac-detail.pl?biblionumber=14520
_yKatalog online BPK